Il cinema secondo Almodovar /
Sábháilte in:
| Príomhchruthaitheoir: | |
|---|---|
| Rannpháirtithe: | |
| Formáid: | LEABHAR |
| Teanga: | Iodáilis |
| Foilsithe / Cruthaithe: |
Parma :
Pratiche,
[1995]
|
| Sraith: | Cinema ;
20 |
| Ábhair: | |
| Clibeanna: |
Níl clibeanna ann, Bí ar an gcéad duine le clib a chur leis an taifead seo!
|
MARC
| LEADER | 00000nam a22000007i 4500 | ||
|---|---|---|---|
| 001 | IT\ICCU\RAV\0258363 | ||
| 003 | ItRI | ||
| 005 | 20260115231922.0 | ||
| 008 | 950727s1995 it |||||| ||||| |||||c | ||
| 020 | |a 8873802222 | ||
| 040 | |b ita |c importazione bologna sebina | ||
| 041 | 7 | |a ita |2 ISO-639-2 | |
| 082 | |a 791.430233092 |9 CINEMA. Direzione. Persone |2 20 | ||
| 100 | 1 | |a Strauss, Frédéric |0 IT\ICCU\RAVV\093054 |4 aut | |
| 240 | 1 | 0 | |a Pedro Almodovar. Conversations avec Frederic Strauss. |3 IT\ICCU\RAV\0258371 |
| 245 | 1 | 3 | |a Il cinema secondo Almodovar / |c Frederic Strauss. |
| 260 | |a Parma : |b Pratiche, |c [1995] | ||
| 300 | |a 196 p., [12] c. di tav. : |b ill. ; |c 25 cm | ||
| 500 | |a Trad. a cura di NORMA snc, Parma | ||
| 650 | 7 | |a Almodovar, Pedro |x Interviste |2 scbi | |
| 700 | 1 | |a Almodóvar, Pedro |0 IT\ICCU\CFIV\096565 | |
| 790 | 1 | |a Almodóvar Caballero, Pedro |3 IT\ICCU\SBNV\072548 |z Almodóvar, Pedro | |
| 830 | 0 | |a Cinema ; |v 20 |0 IT\ICCU\RAV\0258368 | |
| 942 | |2 ddc |c BK |n 0 | ||
| 952 | |0 0 |1 0 |4 0 |6 DOC_791_430000000000000_STR |7 0 |9 16493 |a BO |b BO |d 2026-01-15 |i 5310 |l 0 |o DOC 791.430 STR |p BO5310 |r 2026-01-15 23:19:22 |w 2026-01-15 |x [Sebina 5] [1 v.] |y BK |z 1 v. | ||
| 999 | |c 14133 |d 14133 | ||